Central Library OPAC University of Rajshahi

Personality and decision processes : (Record no. 32952)

MARC details
000 -LEADER
fixed length control field 01102nam a22003372a 4500
001 - CONTROL NUMBER
control field 32952
003 - CONTROL NUMBER IDENTIFIER
rucl marc code BD-RjUL
005 - DATE AND TIME OF LATEST TRANSACTION
control field 20211209051924.0
008 - FIXED-LENGTH DATA ELEMENTS--GENERAL INFORMATION
fixed length control field 140429s1962 cau b 001 0 eng d
020 ## - INTERNATIONAL STANDARD BOOK NUMBER
International Standard Book Number 0804700478
035 ## - SYSTEM CONTROL NUMBER
System control number BD-RjUL)33042
040 ## - CATALOGING SOURCE
Original cataloging agency DLC
Transcribing agency CSU
Modifying agency OCL
-- EQO
-- BD-RjUL
Language of cataloging eng
041 ## - LANGUAGE CODE
Language code of text/sound track or separate title eng
082 04 - DEWEY DECIMAL CLASSIFICATION NUMBER
Classification number 159.1
Edition number 23
Author mark and year PER 1962
245 10 - TITLE STATEMENT
Title Personality and decision processes :
Remainder of title studies in the social psychology of thinking /
Statement of responsibility, etc. Orville G. Brim, Jr. [and others]
260 ## - PUBLICATION, DISTRIBUTION, ETC. (IMPRINT)
Place of publication, distribution, etc. Stanford, Calif :
Name of publisher, distributor, etc. Stanford University Press,
Date of publication, distribution, etc. 1962.
300 ## - PHYSICAL DESCRIPTION
Pagination ix, 336 p. ;
Size 24 cm
490 #0 - SERIES STATEMENT
Series statement Stanford studies in sociology ;
Volume/sequential designation 2
504 ## - BIBLIOGRAPHY, ETC. NOTE
Bibliography, etc Bibliography: p.[315]-330 and Index
650 #0 - SUBJECT ADDED ENTRY--TOPICAL TERM
Topical term or geographic name as entry element Personality
9 (RLIN) 100149
Topical term or geographic name as entry element Decision making
9 (RLIN) 100150
Topical term or geographic name as entry element Thought and thinking
9 (RLIN) 100151
700 1# - ADDED ENTRY--PERSONAL NAME
Personal name Brim, Orville Gilbert,
Personal name Glass, David C
Personal name Lavin David E
Personal name Goodman Norman
830 #0 - SERIES ADDED ENTRY--UNIFORM TITLE
Volume number/sequential designation 2
Uniform title Stanford studies in sociology ;
942 ## - ADDED ENTRY ELEMENTS (KOHA)
Source of classification or shelving scheme Dewey Decimal Classification
Koha item type Books
Holdings
Lost status Source of classification or shelving scheme Damaged status Not for loan Collection code Permanent Location Current Location Shelving location Date acquired Source of acquisition Cost, normal purchase price Total Checkouts Full call number Date last seen Copy number Koha item type
  Dewey Decimal Classification   Not For Loan Non-fiction Central Library, University of Rajshahi Central Library, University of Rajshahi Reading Room 11/08/1990 Asia foundation 0.00   159.1 PER 1962 29/04/2014 C-1 Books
  Dewey Decimal Classification     Non-fiction Central Library, University of Rajshahi Central Library, University of Rajshahi   11/08/1990 Asia Fundation     159.1 PER 1962 04/08/2016 C-2 Books